El malvado carabel

Salvato in:
Dettagli Bibliografici
Autore principale: Fernández Flórez, Wenceslao (Autore)
Natura: Libro
Lingua:spagnolo
Pubblicazione: Madrid Espasa-Calpe 1978
Soggetti:
Tags: Aggiungi Tag
Nessun Tag, puoi essere il primo ad aggiungerne!!

MARC

LEADER 00000nam a2200000 a 4500
001 UCQ5637
003 CL-VaPUC
008 981002e19780000SP |||||||||||||||||spa|d
082 0 4 |a 863  |b FER  |2 21 
100 0 |a Fernández Flórez, Wenceslao  |e author  |9 344352 
245 1 3 |a El malvado carabel 
300 |a 238 p 
942 |c BK 
945 |d 19981002 00:00:00  |a crobeson 
260 |a Madrid  |b Espasa-Calpe  |c 1978 
650 0 |a Novelas españolas  |9 265052 
650 0 |a Literatura española  |9 306261 
583 |a last modification  |c 19981002 00:00:00  |k Rodrigo Vera 
999 |c 275842  |d 275840 
952 |0 0  |1 0  |4 0  |6 863_000000000000000_FER_1978  |7 0  |8 A  |9 312687  |a BIBEDU  |b BIBEDU  |d 2019-11-20  |i 1475398  |o 863 FER 1978  |p 1475398  |r 2019-11-20  |w 2019-11-20  |y BK  |k LIT